Proceedings (Record no. 493635)

000 -LEADER
fixed length control field 00453cam a22001217a 4500
008 - FIXED-LENGTH DATA ELEMENTS--GENERAL INFORMATION
fixed length control field 180718b2007 xxu||||| |||| 00| 0 eng d
082 ## - DEWEY DECIMAL CLASSIFICATION NUMBER
Classification number A6 K96
100 ## - MAIN ENTRY--PERSONAL NAME
Personal name Satyagraha Centenary International Conference on Globalization of the gandhian way: sociology, politics and science of satyagraha between 1906 and 2006, (13th-20th Nov., 2007: New Delhi)
245 ## - TITLE STATEMENT
Title Proceedings
260 ## - PUBLICATION, DISTRIBUTION, ETC.
Place of publication, distribution, etc. New Delhi
Name of publisher, distributor, etc. The Author
Date of publication, distribution, etc. 2007
300 ## - PHYSICAL DESCRIPTION
Extent 141p.
650 ## - SUBJECT ADDED ENTRY--TOPICAL TERM
Topical term or geographic name entry element History
Holdings
Withdrawn status Lost status Damaged status Not for loan Permanent Location Current Location Date acquired Full call number Barcode Date last seen Price effective from Koha item type
        Indian Institute of Public Administration Indian Institute of Public Administration 2018-08-04 A6 K96 GR17997 2018-08-04 2018-08-04 GR

Powered by Koha